000 00335nam a2200145Ia 4500
005 20251222153526.0
008 251222s9999||||xx |||||||||||||| ||spa||
020 _a9788497996519
082 _a843.914/V32
100 _aVargas, Fred
245 0 _aBajos los Vientos de Neptuno
250 _a1ra.ed.
264 _bPrado
942 _cLIB
999 _c29897
_d29897